Регионална библиотека "Любен Каравелов" - Русе

Очевидната скрита истина за емоциите (Запис номер 383275)

MARC детайли
000 -Лидер
Контролно поле с фиксирана дължина 01251nam a2200313 a 4500
003 - Код на организацията, давaща контролен номер
Контролно поле BLK
005 - Дата и час на последна редакция
Контролно поле 20250726094739.0
008 - Елементи от данни с фиксирана дължина
fixed length control field 200818b bu a|||gr|||| 00| 0 bu d
020 ## - Международен стандартен номер на книга ISBN
Международен стандартен номер на книга ISBN 978-954-2962-67-0
040 ## - Източник на каталожния запис
Идентификатор на билиотеката - собственик на записа BLK
041 ## - Код за език
Код за езика на текст/звукозапис или на отделно заглавие Български
Код за езика КДБФ Български
080 ## - УДК
Текстов определител УДК Емоции, чувства, преживявания. Емпатия
УДК код - определител по УДК 159.942
УДК - код + определител 159.942
100 ## - Редна дума - Автор
Автор Леонис, Хули
Авторска отговорност първи автор
R(LIN) 1299
139 ## - Редно поле
Редна дума Леонис, Хули
Авторски знак Лео - Л 46
245 ## - Сведения за заглавието
Заглавие Очевидната скрита истина за емоциите
Подзаглавни данни Тайните на Венера
Редно поле (дума) Хули Леонис
257 ## - Страна на издаване
Страна на създаване/издаване България
260 ## - Област на издателските данни
9 (RLIN) 217700
Място на издаване, разпространение и проч. София
Име на издателя, разпространителя и проч. Апостроф
Година на издаване 2019
300 ## - Физическа характеристика
Страници 256 с.
Илюстрации и др. с ил.
Размери/Мащаб 20 см
380 ## - Жанр
Жанр Философия
500 ## - Общи забележки
Забележка Хули Леонис - псевд. на бълг. авт. - Апостроф - търг. марка на Алто комюникейшънс енд пъблишинг<br/>
650 #7 - Допълнително описание по предмет – тема
9 (RLIN) 147757
Основно описание – тема или топоним Астрология
650 #7 - Допълнително описание по предмет – тема
9 (RLIN) 177703
Основно описание – тема или топоним Чувства
852 ## - Местоположение
Форматна сигнатура Цб 306024
Фондова буква Хранилище
999 ## - СИСТЕМНИ КОНТРОЛНИ НОМЕРА
Koha biblionumber 383275
Koha biblioitemnumber 383275
942 ## - АРТИКУЛИ
Вид на библиотечния материал Книги
Скрит в OPAC Не
Периодичен библиозапис Да
Koha issues (borrowed), all copies 25
944 ## - СЪЗДАВАНЕ И РЕДАКЦИЯ на ЗАПИСА
Създаване/Редакция Създаване
Дата на регистрацията/редакция 2020-08-18
Служител, извършил регистрацията/редакцията 30550
Статус, дата на статуса Кети Илиева
944 ## - СЪЗДАВАНЕ И РЕДАКЦИЯ на ЗАПИСА
Създаване/Редакция Редакция
Дата на регистрацията/редакция 2021-02-26
Служител, извършил регистрацията/редакцията Ренета Константинова
999 ## - СИСТЕМНИ КОНТРОЛНИ НОМЕРА
Koha biblioitemnumber 383275
999 ## - СИСТЕМНИ КОНТРОЛНИ НОМЕРА
Koha biblioitemnumber 383275
Наличности
Код за отписване Код за изгубен артикул Източник на класификационната схема Код за повреда Коз за рестрикции Код за отдаване Артикулен № Име на библиотеката - собственик Име на библиотеката, в която се намира в момента Статус (Текущо местоположение) Дата на вписване в системата Местоположение - отдел Цена в лева Систематично азбучна сигнатура Баркод Цена в евро Служебен тип на артикула
  Не е изгубен Universal Decimal Classification Не е повреден без рестрикции заемане за дома 803558 Регионална библиотека "Любен Каравелов" Русе Регионална библиотека "Любен Каравелов" Русе Заемна - подръчен фонд 2020-10-19 Заемна - подръчен фонд 11.27 159.9/Л 46 Х 120000849236 5.76 Книги
  Не е изгубен Universal Decimal Classification Не е повреден без рестрикции заемане за дома 803559 Регионална библиотека "Любен Каравелов" Русе Регионална библиотека "Любен Каравелов" Русе Заемна - подръчен фонд 2020-10-19 Заемна - подръчен фонд 11.27 159.942/Л 46 Х 120000849235 5.76 Книги
  Не е изгубен Universal Decimal Classification Не е повреден само за читалня ползва се в читалня 813717 Регионална библиотека "Любен Каравелов" Русе Регионална библиотека "Любен Каравелов" Русе Хранилище 2021-03-01 Хранилище 13.99 Цб 306024 120000851143 7.15 Книги
Vip Innovations Ltd, Rousse, Bulgaria 2025